000 006840000a22001930004500
008 081031t xxu||||| |||| 00| 0 eng d
010 _aENG-84714
020 _a8126023228
_c65.00 (pbk)
035 _aEN-68247
082 _a881
100 _aGopi, J
245 _aI will not let time sleep /
_cby N Gopi; translated by J Bhagyalakshmi
260 _aNew Delhi
_bSahitya Akademi
_c2006
260 _aRabindra Bhawan, 35, Firozshah Road, New Delhi-110001
300 _a83p
_c22cm
700 _aBhagyalakshmi, J
_ctr
942 _2ddc
_cEN
_h881
_mGOP
999 _c18017
_d18017